000 00719nam a2200217Ii 4500
003 JO-AjNU
008 230605s9999||||xx |||||||||||||| ||und||
017 _a2004/9/2350
040 _aJO-AjNU
_bara
_erda
_cJO-AjNU
041 _aara
050 1 4 _aKMM89.75.H38.2004
100 3 _a الحطاب ، عبد المنعم ,
_eauthor
_921513
245 0 0 _aالبيع في مرضى الموت
250 _aط1
264 3 1 _aعمان الحطاب ، عبد المنعم ، 2004
300 _a114ص
336 _atext
_btxt
_2rdacontent
337 _aunmediated
_bn
_2rdamedia
338 _avolume
_bnc
_2rdacarrier
650 4 _aالبيع الصحيح -- الملكية الخاصة -- القانون الخاص
_921514
999 _aA7485
_c11053
_d11053